Fundamentos de marketing
| Main Author: | |
|---|---|
| Format: | Section = Libro |
| Language: | Undetermined Spanish |
| Published: |
Matagalpa
[s.e.]
1998
|
| Subjects: |
| LEADER | 00550nam a2200205Ia 4500 | ||
|---|---|---|---|
| 008 | 240830s9999 xx 000 0 und d | ||
| 040 | |a B-ESTELÍ- RUACS / 658.8 S785 | ||
| 041 | |a spa | ||
| 082 | |a 658.8 S785 | ||
| 100 | 1 | |a Stuart Howay, Douglas | |
| 245 | 1 | 0 | |a Fundamentos de marketing |
| 260 | |a Matagalpa |b [s.e.] |c 1998 | ||
| 300 | |a 136 p. | ||
| 650 | 7 | |a SOCIOLOGÍA | |
| 650 | 7 | |b CLASIFICACIÓN DE LAS CIENCIAS | |
| 650 | 7 | |c METODOLOGÍA - INVESTIGACIÓN SOCIAL | |
| 650 | 7 | |d CLASES SOCIALES | |
| 942 | |c BK |2 ddc | ||
| 991 | |a TEXTO | ||
| 999 | |c 11505 | ||